000 00643nam a2200229Ia 4500
003 OSt
005 20220923221804.0
006 a|||||r|||| 00| 0
007 ta
008 220922b |||||||| |||| 00| 0 hin d
024 _a200,062
037 _cTextual
040 _aARTS
_cARTS
_bhin
041 _2hin
_ahin
082 _aQ3, 152L3
100 _aजैन, भागचन्द्र
245 0 _aजैन धर्म और संस्कृति
246 _aJain dharma aur sanskṛuti
260 _c1973
942 _hQ3, 152L3
_cTEXL
_2CC
999 _c351764
_d351764